000 01463cam a2200289 a 4500
999 _c58092
_d58092
001 15145475
005 20210614121936.0
008 080117s2008 cau b 001 0 eng
020 _a9781412917872
041 _aeng
080 _a376.056.36 P-61
082 0 0 _2
100 1 _aPierangelo, Roger.
_912010
245 1 0 _aClassroom management for students with emotional and behavioral disorders :
_ba step-by-step guide for educators /
_cRoger Pierangelo, George Giuliani.
264 _aThousand Oaks, Calif. :
_bCorwin Press,
_c2008.
300 _a134 p.
_b26 cm.
653 _aემოციური და ქცევითი აშლილობის მქონე სტუდენტებისთვის კლასის მართვა
653 _aУправление классом для студентов с эмоциональными и поведенческими расстройствами
653 _aკლასის მართვა
653 _aКлассное руководство
653 _aფსიქიურად დაავადებული ბავშვები
653 _aПсихически больные дети
653 _aქცევის დარღვევები ბავშვებში
653 _aРасстройства поведения у детей
700 1 _aGiuliani, George A.,
_d
_eავტორი
_912011
942 _2udc
_cBK